• 首页
  • 本馆介绍
  • 公告通知
  • 最新文献
  • 馆藏检索
  • 电子资源
  • 读者导购
  • 参考咨询
  • 我的图书馆
  • 登录
  • 详细信息显示
  • 放入我的书架
  • 预约/预借图书
  • 作者相关作品
  • 分类相关作品
  • 丛书相关作品
  • 出版社相关作品

书目信息

  • 表格格式
  • 工作单格式
  • 卡片格式
题名:
微处理机和程序逻辑
    
 
作者: 肖特 著 ;江庚和 译
分册:  
出版信息: 武汉   华中工学院出版社  1983
页数: 353页
开本: 25cm
丛书名:
单 册:
中图分类: TN47
科图分类:
主题词: 微处理机-程序逻辑 , 大规模集成电路 , 超大规模集成电路 , 程序逻辑-微处理机
电子资源:
ISBN:
000 00778nam0 2200277 45
001 0183005209
005 20060925143913.21
010    @dCNY2.50
091    @a15255.014
100    @a19950725d1983 emky0chiy0121 ea
101 1  @achi@ceng
102    @aCN@b420000
105    @ay z 000yy
200 10 @a微处理机和程序逻辑@Awei chu li ji he cheng xu luo ji@f(美)K.L.肖特著@g江庚和译
210    @a武汉@c华中工学院出版社@d1983
215    @a353页@d25cm
606    @a微处理机-程序逻辑
606 0  @a大规模集成电路
606 0  @a超大规模集成电路
606    @a程序逻辑-微处理机
690    @aTN47
701  1 @a肖特@Axiao te@bK.L.@4著
702  0 @a江庚和@Ajiang geng he@4译
801  2 @aCN@bNLC@c20060925
801  0 @aCN@b上海图书馆@c20040519
905    @f1@b120673@dTN47@e32
    
    微处理机和程序逻辑/(美)K.L.肖特著/江庚和译.-武汉:华中工学院出版社,1983
    353页;25cm
    
    
    ISBN :CNY2.50
    
●
相关链接 在E读中查询图书 在五车中查询图书 在当当中查询图书 在豆瓣中查询图书


正题名:微处理机和程序逻辑     索取号:TN47/32         预约/预借

序号 登录号 条形码 馆藏地/架位号 状态 备注
1 0120673   001352930   第三借阅区/ [索取号:TN47/32] 在馆    
2 0120674   001352896   第二样本阅览室/ [索取号:TN47/32] 在馆    
3 0422607   204226079   密集书库/ [索取号:TN47/32] 在馆    
唐山师范学院图书馆 欢迎您!
大连网信软件有限公司© 版权所有